London boroughs south and south Thames riverside boroughs (Record no. 77527)

MARC details
000 -LEADER
fixed length control field 00843cab a2200241 4500
001 - CONTROL NUMBER
control field ##L134441
008 - FIXED-LENGTH DATA ELEMENTS--GENERAL INFORMATION
fixed length control field 060807n2006 000 0 eng u
035 ## - SYSTEM CONTROL NUMBER
System control number (Sirsi) u134441
041 0# - LANGUAGE CODE
Language code of text/sound track or separate title eng
100 1# - MAIN ENTRY--PERSONAL NAME
Personal name Goldie, Anna
245 00 - TITLE STATEMENT
Title London boroughs south and south Thames riverside boroughs
Remainder of title regional
260 ## - PUBLICATION, DISTRIBUTION, ETC.
Date of publication, distribution, etc. 2006
490 #0 - SERIES STATEMENT
Series statement Property Week
Volume/sequential designation 71(31) 4 August 2006, 71-79(5)
520 ## - SUMMARY, ETC.
Summary, etc. Looks at mixed-use development that anticipates the social agenda of local councils, focusing on Stockwell and the area around Bermondsey's antiques market.
590 ## - LOCAL NOTE (RLIN)
Local note IKA220806
651 #4 - SUBJECT ADDED ENTRY--GEOGRAPHIC NAME
Geographic name LONDON BOROUGHS SOUTH
651 #4 - SUBJECT ADDED ENTRY--GEOGRAPHIC NAME
Geographic name SOUTH THAMES RIVERSIDE BOROUGHS
651 #4 - SUBJECT ADDED ENTRY--GEOGRAPHIC NAME
Geographic name STOCKWELL
651 #4 - SUBJECT ADDED ENTRY--GEOGRAPHIC NAME
Geographic name BERMONDSEY
690 ## - LOCAL SUBJECT ADDED ENTRY--TOPICAL TERM (OCLC, RLIN)
Topical term or geographic name as entry element PROPERTY-COMMERCIAL PROPERTY-COMMERCIAL PROPERTY DEVELOPMENT
700 1# - ADDED ENTRY--PERSONAL NAME
Personal name Nicou, Nicholas
942 ## - ADDED ENTRY ELEMENTS (KOHA)
Suppress in OPAC 0
Holdings
Withdrawn status Lost status Source of classification or shelving scheme Damaged status Not for loan Home library Current library Shelving location Date acquired Total Checkouts Full call number Barcode Date last seen Copy number Price effective from Koha item type
    Dewey Decimal Classification     London London Journal article 07/08/2006   L134441 134441-1001 06/08/2019 1 06/08/2019 Journal article